[Event "16th Open"]
[Site "Abu Dhabi UAE"]
[Date "2006.08.14"]
[Round "3"]
[White "Fedorov,Alex"]
[Black "Kayumov,S"]
[Result "1-0"]
[WhiteElo "2617"]
[BlackElo "2435"]
[EventDate "2006.08.12"]

1. e4 e5 2. Nf3 Nc6 3. Bb5 a6 4. Ba4 Nf6 5. O-O Be7 6. Re1 b5 7. Bb3 d6 8.
c3 O-O 9. h3 Nb8 10. d4 Nbd7 11. Nbd2 Bb7 12. Bc2 Re8 13. Nf1 Bf8 14. Ng3
g6 15. b3 c6 16. Bg5 Bg7 17. Qd2 Qe7 18. a4 Qf8 19. Bd3 h6 20. Be3 Kh7 21.
dxe5 dxe5 22. b4 Red8 23. Qb2 c5 24. axb5 axb5 25. Rxa8 Bxa8 26. bxc5 Qxc5
27. Bxb5 Rb8 28. c4 Ne8 29. Qe2 Nd6 30. Ra1 f5 31. Nd2 fxe4 32. Ndxe4 Nxe4
33. Nxe4 Qd4 34. Re1 Rf8 35. Ng3 e4 36. Rd1 Qe5 37. Ba4 Qc5 38. Bc2 Rf4 1-0

[Event "16th Open"]
[Site "Abu Dhabi UAE"]
[Date "2006.08.14"]
[Round "3"]
[White "Allahverdiev,A"]
[Black "Anastasian,A"]
[Result "0-1"]
[WhiteElo "2435"]
[BlackElo "2566"]
[EventDate "2006.08.12"]

1. Nf3 d5 2. c4 d4 3. g3 c5 4. Bg2 Nc6 5. O-O e5 6. d3 Bd6 7. e3 Nge7 8.
exd4 cxd4 9. Re1 O-O 10. a3 a5 11. Nbd2 h6 12. Rb1 Ng6 13. Qc2 a4 14. b4
axb3 15. Rxb3 Re8 16. h4 Nf8 17. c5 Bc7 18. Nc4 Nd7 19. Rb5 Nf6 20. Nfd2
Ra7 21. Nd6 Bxd6 22. cxd6 Qxd6 23. Nc4 Qd8 24. Nxe5 Ra5 25. Rxa5 Qxa5 26.
Bd2 Qxa3 27. Nxc6 Rxe1+ 28. Bxe1 bxc6 29. Bxc6 Ba6 30. Bd2 Bxd3 31. Qc1 Qd6
32. Bf4 Qe6 33. Bb7 Kh7 34. Bc8 Qe2 35. Bh3 Be4 36. Qf1 Qc2 37. Qc1 Qb3 38.
Qf1 Nd5 39. Bd2 Qc2 40. Qe2 Nc3 41. Qe1 Qd3 42. Bg4 Bf3 43. Bh3 Bb7 44. Bg4
Qg6 45. Bd7 Qh5 46. Bh3 Qf3 47. Kh2 Ne4 48. Bg2 Nxd2 0-1

[Event "16th Open"]
[Site "Abu Dhabi UAE"]
[Date "2006.08.14"]
[Round "3"]
[White "Abbasov,F"]
[Black "Goloshchapov,A"]
[Result "0-1"]
[WhiteElo "2443"]
[BlackElo "2558"]
[EventDate "2006.08.12"]

1. d4 Nf6 2. c4 e6 3. Nc3 Bb4 4. e3 b6 5. Nge2 c5 6. a3 Ba5 7. Bd2 Na6 8.
d5 O-O 9. Ng3 exd5 10. cxd5 Nc7 11. d6 Bxc3 12. bxc3 Nce8 13. Bc1 Bb7 14.
f3 Qb8 15. Nf5 g6 16. Ne7+ Kg7 17. e4 Qxd6 18. Qxd6 Nxd6 19. e5 Nde8 20. c4
Ng8 21. Nd5 d6 22. Bb2 dxe5 23. Bxe5+ f6 24. Bg3 Bxd5 25. cxd5 Ne7 26.
O-O-O Nf5 27. Bf2 Rd8 28. g4 Nfd6 29. Bg3 Nc7 30. h4 Ncb5 31. h5 Nd4 32.
Rd3 Nc4 33. hxg6 hxg6 34. g5 Rxd5 35. Rc3 Nd2 36. gxf6+ Rxf6 37. Bb8 Nxf1
0-1

[Event "16th Open"]
[Site "Abu Dhabi UAE"]
[Date "2006.08.14"]
[Round "3"]
[White "Neverov,V"]
[Black "Safarli,E"]
[Result "1/2-1/2"]
[WhiteElo "2556"]
[BlackElo "2421"]
[EventDate "2006.08.12"]

1. d4 Nf6 2. c4 e6 3. Nf3 b6 4. g3 Ba6 5. b3 Bb7 6. Bg2 Bb4+ 7. Bd2 a5 8.
O-O O-O 9. Nc3 d6 10. Qc2 Nbd7 11. Rad1 Bxc3 12. Bxc3 Be4 13. Qb2 c6 14.
Bh3 h6 15. Nd2 Bh7 16. f3 d5 17. a4 b5 18. axb5 cxb5 19. cxb5 Qb6 20. Ra1
Qxb5 21. Rfe1 Rfc8 22. Bf1 Ra7 23. Ra3 Rac7 24. Bxa5 Rc2 25. Qa1 Ra8 26. e4
Qb7 27. Bd3 Rcc8 28. b4 dxe4 29. fxe4 e5 30. Nc4 Rxc4 31. Bxc4 Nxe4 32. Qa2
Ndf6 33. dxe5 Ng5 34. Qg2 Qa7+ 35. Kf1 Ng4 36. h3 Rc8 37. hxg4 Rxc4 38. Qd5
Rc8 39. Rc3 Re8 40. Qc6 Rf8 41. Bb6 Qa6+ 42. b5 Qa4 43. Bc5 Be4 44. Bxf8
Bxc6 45. bxc6 Qa6+ 46. Kg1 Qb6+ 47. Kf1 Qa6+ 48. Kg1 Qb6+ 49. Kf1 Qb2 50.
Rec1 Qb5+ 51. Rc4 Qd5 52. c7 Qf3+ 53. Ke1 Qe3+ 54. Kd1 Qd3+ 55. Ke1 Qe3+
56. Kd1 Qd3+ 1/2-1/2

[Event "16th Open"]
[Site "Abu Dhabi UAE"]
[Date "2006.08.14"]
[Round "3"]
[White "Azarov,S"]
[Black "Khader,S"]
[Result "1-0"]
[WhiteElo "2579"]
[BlackElo "2384"]
[EventDate "2006.08.12"]

1. e4 c5 2. Nf3 Nc6 3. d4 cxd4 4. Nxd4 Nf6 5. Nc3 e5 6. Ndb5 d6 7. Bg5 a6
8. Na3 b5 9. Bxf6 gxf6 10. Nd5 f5 11. c3 Bg7 12. exf5 Bxf5 13. Nc2 O-O 14.
Nce3 Be6 15. Bd3 f5 16. O-O Ra7 17. Qh5 Raf7 18. Bc2 Ne7 19. Nxe7+ Qxe7 20.
Rad1 Rf6 21. Bb3 Kh8 22. Bxe6 Qxe6 23. Nd5 Rg6 24. f4 Rg8 25. Rf2 Bh6 26.
Qe2 Rg4 27. Kf1 Qf7 28. h3 R4g6 29. fxe5 Re6 30. Qf3 Rxe5 31. Kg1 Rge8 32.
b3 Rf8 33. Kh1 Bg5 34. Qd3 f4 35. Rf3 Rf5 36. c4 bxc4 37. bxc4 Bh6 38. Qa3
Qe6 39. Qxa6 Bg7 40. Qa5 Qe2 41. Qd2 Qxc4 42. Nb6 Qe6 43. Nd5 Be5 44. a4
Qf7 45. a5 Qa7 46. Qb4 R5f7 47. Nb6 Rg7 48. Nc4 Rfg8 49. Rd2 Rb8 50. Qa4
Rgb7 51. Rd1 Rb4 52. Qc6 Rb1 53. Rff1 R1b7 54. Nxe5 dxe5 55. Qf6+ Rg7 56.
Qxe5 Qa8 57. Qd5 Qxd5 58. Rxd5 Rf7 59. Rd3 Rb5 60. Ra3 Ra7 61. a6 Rb6 62.
Rfa1 Rh6 63. Kg1 f3 64. gxf3 Rxh3 65. Rb3 Rh6 66. Rb8+ Kg7 67. Rb7+ Rxb7
68. axb7 Rb6 69. Ra7 Rb1+ 70. Kf2 Kf6 71. Ke3 Kf5 72. Kd4 Ke6 73. Kc5 Rc1+
74. Kb6 Rb1+ 75. Kc7 Rc1+ 76. Kb8 Rb1 77. Ka8 1-0

[Event "16th Open"]
[Site "Abu Dhabi UAE"]
[Date "2006.08.14"]
[Round "3"]
[White "Motoc,A"]
[Black "Magerramov,E"]
[Result "1/2-1/2"]
[WhiteElo "2309"]
[BlackElo "2530"]
[EventDate "2006.08.12"]

1. d4 d5 2. c4 dxc4 3. e3 e5 4. Bxc4 exd4 5. exd4 Nf6 6. Nf3 Bd6 7. O-O O-O
8. h3 Nc6 9. Nc3 h6 10. Be3 Bf5 11. Nh4 Bh7 12. Qf3 Nxd4 13. Bxd4 Bh2+ 14.
Kxh2 Qxd4 15. b3 Qxh4 16. Qxb7 Qf4+ 17. Kg1 Qe5 18. Rac1 Qa5 19. Nd5 Nxd5
20. Bxd5 Rad8 21. Rfd1 Rd7 22. Qc6 Rd6 23. Rc5 Qxa2 24. Qxc7 Rf6 25. Bf3
Re6 26. b4 Be4 27. Bxe4 Rxe4 28. Ra5 Qe2 29. Qd6 Re6 30. Qd4 a6 31. Qd3
1/2-1/2

[Event "16th Open"]
[Site "Abu Dhabi UAE"]
[Date "2006.08.14"]
[Round "3"]
[White "Pourkashiyan,A"]
[Black "Odeev,H"]
[Result "1/2-1/2"]
[WhiteElo "2298"]
[BlackElo "2492"]
[EventDate "2006.08.12"]

1. e4 c5 2. Nf3 d6 3. d4 cxd4 4. Nxd4 Nf6 5. Nc3 a6 6. Be2 e5 7. Nb3 Be7 8.
O-O Be6 9. a4 O-O 10. f4 Qc7 11. Kh1 Nbd7 12. Qe1 Bc4 13. Be3 b5 14. axb5
axb5 15. Nxb5 Bxb5 16. Bxb5 Qxc2 17. Na5 Qxb2 18. Bc6 Ra6 19. Rb1 Qa2 20.
Ra1 Qb2 21. Rb1 Qa2 22. Ra1 Qb2 23. Rb1 1/2-1/2

[Event "16th Open"]
[Site "Abu Dhabi UAE"]
[Date "2006.08.14"]
[Round "3"]
[White "Javakhishvili,L"]
[Black "Samhouri,A"]
[Result "1/2-1/2"]
[WhiteElo "2418"]
[BlackElo "2294"]
[EventDate "2006.08.12"]

1. d4 d5 2. Nf3 Nf6 3. c4 c6 4. Nc3 a6 5. c5 Nbd7 6. Bf4 g6 7. h3 Bg7 8. e3
O-O 9. Be2 Re8 10. Qc2 Nh5 11. Bh2 e5 12. dxe5 Nxe5 13. Nd4 Nf6 14. O-O
Ned7 15. b4 Ne4 16. Nxe4 Rxe4 17. Bd3 Re8 18. Rfe1 Nf8 19. Rad1 Ne6 20.
Nxe6 Bxe6 21. e4 dxe4 22. Rxe4 Bd5 23. Rxe8+ Qxe8 24. Bc4 Bxc4 25. Qxc4 Rd8
26. Bd6 Qe6 27. Qxe6 fxe6 28. f4 e5 29. Re1 exf4 1/2-1/2

[Event "16th Open"]
[Site "Abu Dhabi UAE"]
[Date "2006.08.14"]
[Round "3"]
[White "Sethuraman,S"]
[Black "Jakovljevic,Vlado"]
[Result "0-1"]
[WhiteElo "2290"]
[BlackElo "2414"]
[EventDate "2006.08.12"]

1. e4 c5 2. Nf3 e6 3. d4 cxd4 4. Nxd4 a6 5. Nc3 Qc7 6. Bd3 Nf6 7. O-O Be7
8. Qe2 d6 9. f4 Nbd7 10. Nb3 b5 11. a4 b4 12. Nd1 Bb7 13. Nf2 e5 14. Bd2 a5
15. c3 bxc3 16. Bxc3 exf4 17. Rac1 Qb6 18. Nd4 g6 19. Nb5 O-O 20. Bd4 Qd8
21. Rc7 Ba6 22. Rfc1 Ne8 23. Ng4 Ne5 24. R7c6 Nxg4 25. Qxg4 Bf6 26. Bb6 Qe7
27. b3 Be5 28. Qf3 Qf6 29. Bc4 Ng7 30. Nc7 Bxc4 31. Nxa8 Be6 32. Nc7 Qh4
33. Bf2 Qf6 34. Nd5 Qg5 35. h4 Qh6 36. g4 fxg3 37. Bxg3 Bxd5 38. exd5 Bd4+
39. Bf2 Qxh4 40. R6c4 Nf5 41. Bxd4 Nxd4 42. Qg2 Re8 43. Rc8 Rxc8 44. Rxc8+
Kg7 45. Re8 Nxb3 46. Re4 Qf6 47. Qf2 Qxf2+ 48. Kxf2 Nc5 49. Re7 Nxa4 50.
Ra7 Nc5 51. Rxa5 Kf6 52. Ke3 Nd7 53. Ra6 Ke5 54. Ra7 Nb6 55. Rxf7 Nxd5+ 56.
Kf3 Nf6 57. Re7+ Kf5 58. Kg3 g5 59. Kf3 h5 60. Kg3 d5 61. Kh3 d4 62. Re1
Ne4 63. Kg2 d3 64. Rd1 d2 65. Kf3 g4+ 66. Ke3 h4 67. Rh1 h3 68. Rf1+ Ke5
69. Rg1 h2 0-1

[Event "16th Open"]
[Site "Abu Dhabi UAE"]
[Date "2006.08.14"]
[Round "3"]
[White "Ushenina,A"]
[Black "Lalith,B"]
[Result "1-0"]
[WhiteElo "2410"]
[BlackElo "2297"]
[EventDate "2006.08.12"]

1. d4 Nf6 2. c4 e6 3. Nf3 b6 4. a3 Bb7 5. Nc3 d5 6. cxd5 Nxd5 7. e3 g6 8.
Bb5+ c6 9. Bd3 Bg7 10. h4 O-O 11. Ne4 Nf6 12. Nxf6+ Bxf6 13. h5 Nd7 14.
hxg6 hxg6 15. e4 e5 16. Qd2 Bg7 17. Nxe5 Re8 18. f4 Nf8 19. Bc4 Ne6 20.
Nxf7 Kxf7 21. f5 gxf5 22. exf5 Bc8 23. Qe2 Qd6 24. Bh6 Kf8 25. Bxg7+ Kxg7
26. Bxe6 Bxe6 27. Qg4+ Kf8 28. fxe6 Rxe6+ 29. Kd2 Rg6 30. Raf1+ Kg7 31. Qh4
Rxg2+ 32. Rf2 Qg6 33. Rxg2 Qxg2+ 34. Kc1 Qg6 35. Qe7+ Kg8 36. Qe5 Kf7 37.
Rf1+ Kg8 38. Qh2 Re8 39. Rg1 Qxg1+ 40. Qxg1+ Kf7 41. Qg3 Rc8 42. Qd6 Ke8
43. Kc2 1-0

[Event "16th Open"]
[Site "Abu Dhabi UAE"]
[Date "2006.08.14"]
[Round "3"]
[White "Himdan,M"]
[Black "Taleb,M"]
[Result "1/2-1/2"]
[WhiteElo "2282"]
[BlackElo "2409"]
[EventDate "2006.08.12"]

1. e4 c5 2. Nf3 d6 3. d4 cxd4 4. Nxd4 Nf6 5. Nc3 Nc6 6. Bc4 Bd7 7. Bb3 g6
8. f4 Bg7 9. Be3 O-O 10. Qd3 Ng4 11. Bg1 Nxd4 12. Bxd4 e5 13. fxe5 Nxe5 14.
Qd2 Qh4+ 15. Qf2 Qh5 16. Nd5 Qg4 17. Qe2 Qxe2+ 18. Kxe2 a5 19. a4 Rae8 20.
Nc7 Re7 21. Nd5 Ree8 22. Nc7 Re7 23. Nd5 1/2-1/2

[Event "16th Open"]
[Site "Abu Dhabi UAE"]
[Date "2006.08.14"]
[Round "3"]
[White "Lomineishvili,M"]
[Black "Mamedjarova,T"]
[Result "1/2-1/2"]
[WhiteElo "2380"]
[BlackElo "2241"]
[EventDate "2006.08.12"]

1. d4 c5 2. d5 e6 3. c4 exd5 4. cxd5 d6 5. Nc3 Nd7 6. e4 Be7 7. f4 Bf6 8.
Nf3 a6 9. a4 Ne7 10. Bd3 Ng6 11. O-O O-O 12. Be3 Re8 13. Nd2 Bxc3 14. bxc3
f5 15. Qc2 Nf6 16. exf5 Ne7 17. c4 Nexd5 18. cxd5 Rxe3 19. Nc4 Re8 20. Qb3
Rb8 21. a5 Kh8 22. Rae1 b5 23. axb6 Bb7 24. Ne3 Ba8 25. Bxa6 Qxb6 26. Qxb6
Rxb6 27. Bc4 Rb4 28. Ng4 Rxe1 29. Rxe1 Rxc4 30. Nxf6 gxf6 31. Re8+ Kg7 32.
Rxa8 Rd4 1/2-1/2

[Event "16th Open"]
[Site "Abu Dhabi UAE"]
[Date "2006.08.14"]
[Round "3"]
[White "Lodhi,M"]
[Black "Ghader Pour,S"]
[Result "1-0"]
[WhiteElo "2360"]
[BlackElo "2152"]
[EventDate "2006.08.12"]

1. d4 Nf6 2. Nf3 e6 3. g3 c5 4. Bg2 d5 5. O-O Be7 6. c4 dxc4 7. Qa4+ Nbd7
8. dxc5 Bxc5 9. Qxc4 O-O 10. Nc3 a6 11. Qb3 Qe7 12. Bf4 e5 13. Bg5 e4 14.
Nh4 e3 15. f4 h6 16. Ng6 Qe8 17. Bxf6 Nxf6 18. Nxf8 Qxf8 19. f5 Bd7 20.
Rad1 Bc6 21. Nd5 Bxd5 22. Bxd5 Rb8 23. Bf3 Qe7 24. Rd3 h5 25. Rc1 h4 26.
Rdc3 Nd7 27. f6 gxf6 28. Qd5 b6 29. b4 Bxb4 30. Rc8+ Rxc8 31. Rxc8+ Kg7 32.
Qh5 Nf8 33. Qxh4 Ng6 34. Qg4 Bc5 35. Be4 Qe5 36. Bxg6 fxg6 37. Qd7+ Be7 38.
Qe8 Kh6 39. Qh8+ Kg5 40. Rc4 Qd5 41. Qh4+ Kf5 42. Rd4 Qc6 43. Qf4+ Ke6 44.
Qxe3+ Kf7 45. Qe4 Qc3 46. Kg2 a5 47. Rc4 Qa3 48. Qd5+ Kg7 49. Rc8 Bf8 50.
Rc7+ Kh6 51. Qe4 1-0

[Event "16th Open"]
[Site "Abu Dhabi UAE"]
[Date "2006.08.14"]
[Round "3"]
[White "Ibrahim,I UAE"]
[Black "Nezad,H"]
[Result "0-1"]
[WhiteElo "2133"]
[BlackElo "2320"]
[EventDate "2006.08.12"]

1. e4 e5 2. Nf3 Nc6 3. Bc4 Bc5 4. b4 Bxb4 5. c3 Be7 6. d4 Na5 7. Nxe5 Nxc4
8. Nxc4 d5 9. exd5 Qxd5 10. Ne3 Qd8 11. O-O Nh6 12. Qh5 O-O 13. Ba3 Be6 14.
Bxe7 Qxe7 15. Nd2 Qa3 16. c4 Rae8 17. d5 Bc8 18. Nb3 f5 19. c5 f4 20. Nc2
Qb2 21. Ncd4 Re4 22. Rfe1 Ng4 23. Qh4 Rfe8 24. f3 Ne3 25. Qf2 Qxf2+ 26.
Kxf2 R4e5 27. d6 Rh5 28. h3 Rg5 29. Rg1 cxd6 30. cxd6 Rd5 31. Rac1 Rxd6 32.
Rc7 a5 33. g4 a4 34. Nb5 Rd3 35. Rgc1 Bd7 36. N3d4 0-1

[Event "16th Open"]
[Site "Abu Dhabi UAE"]
[Date "2006.08.14"]
[Round "3"]
[White "Ramnath,B"]
[Black "Alavi,S"]
[Result "0-1"]
[WhiteElo "2024"]
[BlackElo "2314"]
[EventDate "2006.08.12"]

1. e4 c6 2. d4 d5 3. exd5 cxd5 4. c4 Nf6 5. Nc3 e6 6. Nf3 Be7 7. Bd3 dxc4
8. Bxc4 O-O 9. O-O Nc6 10. a3 b6 11. Bg5 Bb7 12. Bd3 Nd5 13. Bxe7 Ncxe7 14.
Qc2 Nxc3 15. bxc3 Bxf3 16. gxf3 Ng6 17. Kh1 Rc8 18. Rg1 Qd5 19. Rg3 Qa5 20.
Rc1 Qxa3 21. h4 Qe7 22. Bxg6 Qxh4+ 23. Kg2 fxg6 24. Rh1 Qf6 25. Rgh3 h6 26.
Rg3 g5 27. Rh5 Rc4 0-1

[Event "16th Open"]
[Site "Abu Dhabi UAE"]
[Date "2006.08.14"]
[Round "3"]
[White "Jasim,A"]
[Black "Al Sulaiti,G"]
[Result "1-0"]
[WhiteElo "2326"]
[BlackElo "2128"]
[EventDate "2006.08.12"]

1. d4 d5 2. c4 e6 3. Nc3 Be7 4. Nf3 Nf6 5. Bg5 Nbd7 6. e3 O-O 7. cxd5 Nxd5
8. Bxe7 Qxe7 9. Bd3 Nxc3 10. bxc3 e5 11. Qc2 h6 12. O-O Re8 13. Bh7+ Kh8
14. Bf5 e4 15. Bxd7 exf3 16. Bxe8 Qg5 17. g3 Qg4 18. Kh1 Bf5 19. Qa4 c6 20.
Bxf7 Rf8 21. Bb3 Be4 22. Qb4 Rf6 23. Qe7 1-0

[Event "16th Open"]
[Site "Abu Dhabi UAE"]
[Date "2006.08.14"]
[Round "3"]
[White "Ali,Ab"]
[Black "Hassan,Ab"]
[Result "1/2-1/2"]
[WhiteElo "2155"]
[BlackElo "2365"]
[EventDate "2006.08.12"]

1. d4 e6 2. c4 b6 3. a3 Bb7 4. Nc3 f5 5. f3 Nf6 6. Bg5 Be7 7. e3 O-O 8. Bd3
Nh5 9. Bxe7 Qxe7 10. Qc2 Qg5 11. Qf2 c5 12. Nh3 Qh6 13. dxc5 bxc5 14. e4
Na6 15. exf5 exf5 16. O-O d6 17. Rfe1 Qf6 18. Re2 Nc7 19. Rae1 Rae8 20.
Rxe8 Rxe8 21. Rxe8+ Nxe8 22. Qe3 Nc7 23. g4 Qd4 24. Qxd4 cxd4 25. Ne2 fxg4
26. fxg4 Nf6 27. g5 Be4 28. Bxe4 Nxe4 29. Nxd4 Kf7 30. a4 Ne6 31. Nc6 a6
32. Nb8 a5 33. Nc6 N6c5 34. Nxa5 Nxa4 35. b3 Nac5 36. Nf4 Nxg5 37. b4 Na4
38. Nd5 Nf3+ 39. Kf2 Nxh2 40. b5 Ng4+ 41. Kg3 Ne5 42. b6 Nxb6 43. Nxb6 g5
44. c5 dxc5 45. Nb7 Nd3 46. Kg4 h5+ 1/2-1/2

[Event "16th Open"]
[Site "Abu Dhabi UAE"]
[Date "2006.08.14"]
[Round "3"]
[White "Mahmoody,M"]
[Black "Nadig,K"]
[Result "1/2-1/2"]
[WhiteElo "2242"]
[BlackElo "2226"]
[EventDate "2006.08.12"]

1. e4 e5 2. Nf3 Nc6 3. d4 exd4 4. Bc4 Nf6 5. e5 d5 6. Bb5 Ne4 7. Nxd4 Bd7
8. Nf3 Bg4 9. h3 Bxf3 10. gxf3 Nc5 11. f4 a6 12. Be2 d4 13. Bf3 Qd7 14. Nd2
Qe6 15. Kf1 f6 16. Bg4 f5 17. Be2 O-O-O 18. Bc4 Qh6 19. Nf3 Ne4 20. Qe2 Nb4
21. a3 Nd5 22. Ng5 Qc6 23. Rg1 Nxg5 24. fxg5 Bc5 25. Bd2 Qe6 26. Re1 Rhe8
27. Bd3 g6 28. h4 Bf8 29. h5 Qb6 30. b4 Bg7 31. f4 Nc3 32. Qf3 a5 33. Kg2
Bf8 34. hxg6 hxg6 35. Rh1 axb4 36. axb4 Bxb4 37. Rh6 Re6 38. Ra1 Kb8 39.
Bc4 Rc6 40. Bd5 Rc5 41. Bb3 Ne4 42. Rxg6 Qxg6 43. Bxb4 Rc6 44. e6 Rxe6 45.
Bxe6 Qxe6 46. Qa3 Kc8 47. Qa8+ Kd7 48. Qxb7 Qc4 49. Kg1 Rh8 50. Rd1 Rh4 51.
Re1 Rg4+ 52. Kh1 Ng3+ 53. Kg1 Nf1+ 54. Kh1 Ne3 55. Bd2 Rh4+ 56. Kg1 Rg4+
57. Kh1 Qf7 58. Qb5+ Kd8 59. Qb8+ Kd7 60. Qb5+ Kd8 61. Qb8+ 1/2-1/2

[Event "16th Open"]
[Site "Abu Dhabi UAE"]
[Date "2006.08.14"]
[Round "3"]
[White "Aswin,J"]
[Black "Coleman,J"]
[Result "1-0"]
[WhiteElo "2221"]
[BlackElo "2188"]
[EventDate "2006.08.12"]

1. e4 e5 2. Nf3 Nc6 3. Bb5 a6 4. Ba4 Nf6 5. O-O Be7 6. Re1 b5 7. Bb3 d6 8.
c3 O-O 9. h3 Na5 10. Bc2 c5 11. d4 Nd7 12. Nbd2 exd4 13. cxd4 Nc6 14. d5
Nce5 15. Nxe5 Nxe5 16. f4 Ng6 17. Nf3 Bh4 18. Nxh4 Qxh4 19. f5 Ne5 20. Rf1
Qd8 21. f6 gxf6 22. Qh5 Kh8 23. Rf4 Ng6 24. Rf2 Ne5 25. b4 c4 26. Bb2 Rg8
27. Raf1 f5 28. Qxf7 Qg5 29. exf5 Rb8 30. Qc7 c3 31. Bxc3 Qg3 32. Bxe5+
dxe5 33. Qxb8 1-0

[Event "16th Open"]
[Site "Abu Dhabi UAE"]
[Date "2006.08.14"]
[Round "3"]
[White "Bistric,F"]
[Black "Khouri,I"]
[Result "1-0"]
[WhiteElo "2426"]
[BlackElo "2035"]
[EventDate "2006.08.12"]

1. e4 d5 2. Nc3 d4 3. Nce2 c5 4. Ng3 Nc6 5. f4 g6 6. Nf3 Bg7 7. Bb5 e6 8.
Bxc6+ bxc6 9. d3 Ne7 10. O-O O-O 11. Qe2 f5 12. Bd2 Rb8 13. b3 Re8 14. Rae1
Bd7 15. h4 h5 16. Ng5 Nc8 17. Rf3 Bf6 18. Nf1 Bxg5 19. hxg5 Nd6 20. Qf2 Qb6
21. Bc1 Qa5 22. e5 Nc8 23. a4 Qc3 24. Qd2 Qb4 25. Bb2 Qb6 26. Qf2 Qa5 27.
Nd2 Nb6 28. Rc1 Nd5 29. Ba3 Ne3 30. Rxe3 dxe3 31. Qxe3 Qc3 32. Bxc5 a6 33.
Nc4 Red8 34. Be7 Rdc8 35. Qa7 Rd8 36. Bxd8 Rxd8 37. Qb6 Rf8 38. Qc5 Rd8 39.
Qb6 Rf8 40. Kf2 Rc8 41. Ke3 c5 42. Qd6 Rd8 43. Nb6 Qd4+ 44. Qxd4 cxd4+ 45.
Kf2 Be8 46. Nc4 Rb8 47. Nd2 Rb4 48. Ke2 Bc6 49. Nf3 Kf7 50. Rf1 Bxf3+ 51.
Rxf3 a5 52. Kd2 Ke7 53. Kc1 Kd7 54. Kb2 Kc6 55. Rf1 1-0

[Event "16th Open"]
[Site "Abu Dhabi UAE"]
[Date "2006.08.14"]
[Round "3"]
[White "Ahmed,I"]
[Black "Amanov,M"]
[Result "1-0"]
[WhiteElo "2113"]
[BlackElo "2372"]
[EventDate "2006.08.12"]

1. e4 c5 2. Nf3 e6 3. d4 cxd4 4. Nxd4 Nf6 5. Nc3 Nc6 6. Ndb5 d6 7. Bf4 e5
8. Bg5 a6 9. Na3 b5 10. Nd5 Qa5+ 11. Bd2 Qd8 12. Bg5 Be7 13. Bxf6 Bxf6 14.
c3 O-O 15. Nc2 Bg5 16. a4 bxa4 17. Rxa4 a5 18. Bc4 Rb8 19. b3 Kh8 20. Nce3
g6 21. h4 Bxh4 22. g3 Bf6 23. f4 exf4 24. gxf4 Bg7 25. Ra2 Be6 26. Rah2 h6
27. Qd2 Ne7 28. Nxe7 Qxe7 29. Rxh6+ Kg8 30. Rh8+ Bxh8 31. Qh2 Bxc3+ 32. Kf2
Rfd8 33. e5 Qf6 1-0

[Event "16th Open"]
[Site "Abu Dhabi UAE"]
[Date "2006.08.14"]
[Round "3"]
[White "Marwan,A"]
[Black "Schacht,H"]
[Result "0-1"]
[WhiteElo "2033"]
[BlackElo "2254"]
[EventDate "2006.08.12"]

1. e4 c5 2. Nf3 d6 3. d4 cxd4 4. Nxd4 Nf6 5. Nc3 g6 6. Be3 Bg7 7. Bc4 Ng4
8. Bb5+ Kf8 9. Qf3 Be5 10. h3 Nxe3 11. fxe3 Kg7 12. O-O-O Nd7 13. Bc4 Nf6
14. g4 Rf8 15. Rdf1 e6 16. g5 Nh5 17. Rhg1 Qb6 18. Nce2 Bd7 19. c3 Rac8 20.
Bb3 a5 21. Qf2 a4 22. Bc2 a3 23. b3 Qc5 24. Kb1 b5 25. b4 Qc7 26. Re1 d5
27. Bd3 dxe4 28. Bxe4 Kg8 29. h4 Rb8 30. Bf3 Ng7 31. h5 Nf5 32. Rh1 Rfc8
33. Nxf5 exf5 34. hxg6 hxg6 35. Qh4 Bg7 36. Nd4 Qe5 37. Qf4 Qe7 38. Bd5 Re8
39. Rh3 Qe5 40. Qxe5 Rxe5 41. Bc6 Bc8 42. Rf3 Rb6 43. Rd1 Bf8 44. Kc2 Be7
45. Rg3 Be6 46. Nxe6 Rxe6 47. Bd7 Re5 48. Rd4 Rb8 49. Kb3 Ra8 50. Bc6 Ra7
51. Rd7 Rxd7 52. Bxd7 Bd8 53. Kxa3 Bb6 54. Kb3 Bxe3 55. Bxb5 f4 56. Rxe3
fxe3 57. Be2 Rxg5 58. b5 Rc5 59. Kb4 Rc8 60. b6 Kf8 61. a4 Ke7 62. c4 Kd6
63. c5+ Kd5 64. a5 Rxc5 65. b7 Rc1 66. Bc4+ Rxc4+ 67. Kb3 Rc1 68. Kb2 e2
69. b8=Q e1=Q 70. Qd8+ Kc4 71. Qc7+ Kb5 72. Qb6+ Ka4 73. Qb3+ Kxa5 74. Qd5+
Kb6 75. Qd6+ Rc6 76. Qd8+ Kc5 77. Qa5+ Kd4 78. Qd8+ Ke5 79. Qh8+ f6 80.
Qe8+ Re6 81. Qb5+ Kf4 0-1

[Event "16th Open"]
[Site "Abu Dhabi UAE"]
[Date "2006.08.15"]
[Round "4"]
[White "Potkin,V"]
[Black "Grigoriants,S RUS"]
[Result "1/2-1/2"]
[WhiteElo "2556"]
[BlackElo "2579"]
[EventDate "2006.08.12"]

1. e4 c5 2. Nf3 d6 3. d4 cxd4 4. Nxd4 Nf6 5. Nc3 a6 6. Be3 e5 7. Nb3 Be6 8.
f3 Be7 9. Qd2 O-O 10. O-O-O Nbd7 11. g4 b5 12. g5 b4 13. Ne2 Ne8 14. f4 a5
15. f5 a4 16. fxe6 axb3 17. exf7+ Rxf7 18. cxb3 Rxa2 19. Ng3 Rxf1 20. Rhxf1
Ra1+ 21. Kc2 Qc8+ 22. Kd3 Qa6+ 23. Kc2 Qc6+ 24. Kd3 Qb5+ 1/2-1/2

[Event "16th Open"]
[Site "Abu Dhabi UAE"]
[Date "2006.08.15"]
[Round "4"]
[White "Anastasian,A"]
[Black "Bakre,T"]
[Result "1/2-1/2"]
[WhiteElo "2566"]
[BlackElo "2454"]
[EventDate "2006.08.12"]

1. d4 Nf6 2. c4 e6 3. Nc3 Bb4 4. Qc2 O-O 5. a3 Bxc3+ 6. Qxc3 b6 7. Nf3 Bb7
8. g3 d5 9. cxd5 Bxd5 10. Bg2 Nbd7 11. O-O c5 12. Bg5 Ne4 13. Bxd8 Nxc3 14.
bxc3 Rfxd8 15. a4 Rac8 16. Rfc1 Rc7 17. e3 Rdc8 18. Rcb1 Be4 1/2-1/2

[Event "16th Open"]
[Site "Abu Dhabi UAE"]
[Date "2006.08.15"]
[Round "4"]
[White "Ibrahimov,R"]
[Black "Mamedov,Rau"]
[Result "1/2-1/2"]
[WhiteElo "2528"]
[BlackElo "2561"]
[EventDate "2006.08.12"]

1. e4 e5 2. Nf3 Nc6 3. Bb5 a6 4. Ba4 Nf6 5. O-O b5 6. Bb3 Be7 7. Re1 O-O 8.
c3 d6 9. h3 Re8 10. d4 Bb7 11. Ng5 Rf8 12. Nf3 1/2-1/2

[Event "16th Open"]
[Site "Abu Dhabi UAE"]
[Date "2006.08.15"]
[Round "4"]
[White "Rausis,I"]
[Black "Miroshnichenko,E"]
[Result "0-1"]
[WhiteElo "2510"]
[BlackElo "2616"]
[EventDate "2006.08.12"]

1. e4 c5 2. Nf3 d6 3. d4 cxd4 4. Nxd4 Nf6 5. Nc3 Nc6 6. Bg5 e6 7. Qd2 Be7
8. O-O-O Nxd4 9. Qxd4 O-O 10. f4 Qa5 11. e5 dxe5 12. Qxe5 Qxe5 13. fxe5 Nd5
14. Bxe7 Nxe7 15. Bd3 b6 16. Be4 Rb8 17. Rhe1 Bb7 18. Nb5 a6 19. Nc7 a5 20.
Rd7 Ng6 21. Bxg6 hxg6 22. g3 g5 23. b3 Rfc8 24. Rf1 Bc6 25. Re7 Rf8 26. c4
Rb7 27. Kb2 b5 28. cxb5 Bxb5 29. Rf2 Bd3 30. a4 Be4 31. Ka3 Rfb8 32. Re8+
Rxe8 33. Nxe8 Bd5 34. Rb2 Kf8 35. Nd6 Rb4 36. Nb5 Re4 37. Nc3 Rxe5 38. b4
Re3 39. Rc2 Be4 40. Rc1 axb4+ 41. Kxb4 Bd3 42. Kc5 f5 43. a5 f4 44. Ra1 Ba6
45. Kb6 Rxc3 46. Kxa6 Rb3 47. Ka7 f3 48. a6 e5 49. Re1 e4 0-1

[Event "16th Open"]
[Site "Abu Dhabi UAE"]
[Date "2006.08.15"]
[Round "4"]
[White "Jakovljevic,Vlado"]
[Black "Ghaem Maghami,E"]
[Result "1/2-1/2"]
[WhiteElo "2414"]
[BlackElo "2594"]
[EventDate "2006.08.12"]

1. Nf3 g6 2. c4 Bg7 3. d4 Nf6 4. g3 O-O 5. Bg2 d6 6. Nc3 Nc6 7. O-O Bg4 8.
h3 Bxf3 9. Bxf3 Nd7 10. e3 e5 11. d5 Ne7 12. e4 f5 13. h4 Nf6 14. Bd2 Qd7
15. Bg5 Kh8 16. Kg2 Neg8 17. h5 Bh6 18. Bxf6+ Nxf6 19. hxg6 hxg6 20. Rh1
Kg7 21. Qe2 Bg5 22. Rh2 Rh8 23. Rxh8 Rxh8 24. Rh1 Rxh1 25. Kxh1 1/2-1/2

[Event "16th Open"]
[Site "Abu Dhabi UAE"]
[Date "2006.08.15"]
[Round "4"]
[White "Darban,M"]
[Black "Azarov,S"]
[Result "1/2-1/2"]
[WhiteElo "2390"]
[BlackElo "2579"]
[EventDate "2006.08.12"]

1. e4 e5 2. Nf3 Nc6 3. Bb5 a6 4. Bxc6 dxc6 5. Nc3 f6 6. d4 exd4 7. Nxd4 c5
8. Nde2 Qxd1+ 9. Nxd1 Be6 10. Ndc3 O-O-O 11. Be3 b6 12. f3 Ne7 13. Rd1
Rxd1+ 14. Kxd1 f5 15. Ng3 g6 16. Bg5 fxe4 17. Bf6 Rg8 18. Ngxe4 Nd5 19. Re1
Nxc3+ 20. Bxc3 Bh6 21. Nxc5 Bxa2 22. Nd3 Rd8 23. Re7 Bg8 24. Be5 Rd7 25.
Re8+ 1/2-1/2